Prevención de la deficiencia mental en España : una referencia a las principales líneas de actuación en el caso de Cataluña / Servicio de Estudios en Barcelona del Banco Urquijo una referencia a las principales líneas de actuación en el caso de Cataluña / Servicio de Estudios en Barcelona del Banco Urquijo
Descripción Física:
XIX, 234 p. ; 23 cm
MARC
| LEADER | 00000nam a2200000Ia 4500 | ||
|---|---|---|---|
| 001 | 9425 | ||
| 008 | 160829s1978 xx 000 0 cat d | ||
| 080 | |a C-1-252 | ||
| 110 | 2 | |a Banco Urquijo. |b Servicio de Estudios en Barcelona |9 55567 | |
| 245 | |a Prevención de la deficiencia mental en España : |b una referencia a las principales líneas de actuación en el caso de Cataluña / Servicio de Estudios en Barcelona del Banco Urquijo | ||
| 260 | |a Madrid : |b Ed. Moneda y Crédito, |c 1978 | ||
| 300 | |a XIX, 234 p. ; |c 23 cm | ||
| 650 | |a Deficiència mental |x Espanya |x Prevenció |9 37123 | ||
| 901 | |a Arxiu | ||
| 942 | |n 1 | ||
| 952 | |0 0 |1 0 |4 0 |6 C1252 |7 1 |9 47678 |a Arxiu |b Arxiu |d 2016-12-01 |l 0 |o C-1-252 |p 9425 |r 2016-12-01 00:00:00 |w 2016-12-01 |y ARXIU | ||
| 999 | |c 51477 |d 51477 | ||